Normal view
MARC view
- NORQUIST,GROVER
Entry Personal Name
001 - CONTROL NUMBER
- control field: 132521
003 - CONTROL NUMBER IDENTIFIER
- control field: NUST
005 - DATE AND TIME OF LATEST TRANSACTION
- control field: 20251222111213.0
008 - FIXED-LENGTH DATA ELEMENTS
- fixed length control field: 251222|| aca||aabn | a|a d
040 ## - CATALOGING SOURCE
- Original cataloging agency: NUST
- Transcribing agency: NUST
100 ## - HEADING--PERSONAL NAME
- Personal name: NORQUIST,GROVER
670 ## - SOURCE DATA FOUND
- Source citation: Work cat.: (NUST): NORQUIST,GROVER., LEAVE US ALONE GETTING THE GOVERNMENT'S HANDS OFF OUR MONEY,OUR GUNS,OUR LIVES /, 2008.
